Entrega del trono ofrecido por la Diputación a la Virgen de Queralt
Descripción Física:
Il·lustracions
Colección:
San Jorge,
; núm. 15 (juliol 1954), pàg 101-103
Idioma:
Español
MARC
| LEADER | 00000naa a2200000 a 4500 | ||
|---|---|---|---|
| 003 | Arxiu | ||
| 005 | 20260324181047.0 | ||
| 008 | 160829s1954 spcaxx s spa c | ||
| 040 | |a AGDB | ||
| 245 | 0 | 0 | |a Entrega del trono ofrecido por la Diputación a la Virgen de Queralt |
| 300 | |b Il·lustracions | ||
| 490 | |a San Jorge, |v núm. 15 (juliol 1954), pàg 101-103 | ||
| 500 | |a Fotografies de Domínguez | ||
| 650 | 0 | |a Queralt, Mare de Déu de |x Culte |9 38372 |z Catalunya | |
| 650 | |a Imatges i ídols |x Adoració |9 40706 | ||
| 773 | |g Núm. 15 (juliol 1954), pàg 101-103 |t San Jorge. | ||
| 901 | |a Arxiu | ||
| 942 | |n 1 |2 udc |c ART | ||
| 952 | |0 0 |1 0 |4 0 |6 REV509 |7 1 |9 64998 |a Arxiu |b Arxiu |d 2023-01-10 |l 0 |o Rev-509 |r 2023-01-10 00:00:00 |w 2023-01-10 |y ARXIU |z També disponible a Rev-523 | ||
| 999 | |c 52212 |d 52212 | ||